| 000 | 00650nam a2200241Ia 4500 | ||
|---|---|---|---|
| 003 | OSt | ||
| 005 | 20220923211741.0 | ||
| 006 | a|||||r|||| 00| 0 | ||
| 007 | ta | ||
| 008 | 220922b |||||||| |||| 00| 0 pl d | ||
| 024 | _a46,499 | ||
| 037 | _cTextual | ||
| 040 |
_aARTS _cARTS _bpl |
||
| 041 |
_2pl _apl |
||
| 082 | _aQ31:216, 1511L7 | ||
| 100 | _aकन्हैयालाल, मक | ||
| 245 | 0 | _aमूल सुत्ताणि | |
| 246 | _aMūl suttāṇi | ||
| 260 | _c1977 | ||
| 300 |
_a730p. _ccm. |
||
| 942 |
_hQ31:216, 1511L7 _cTEXL _2CC |
||
| 999 |
_c303165 _d303165 |
||